000 00252nam a2200109Ia 4500
008 140130s9999 xx 000 0 und d
245 _cMarzollo, Jean
_aI'm a caterpillar
260 _bScholastic,
_c2003
440 _v1
942 _cBK
999 _c42040
_d42040